Größte Inseln im Mittelmeer - Statistiken

Allgemein
  • Dieses Quiz wurde 270 mal gespielt
  • Das Durchschnittsergebnis liegt bei 12 aus 25
Antwortstatistiken
Land Insel % Korrekt
Italien Sizilien
97%
Italien Sardinien
96%
Spanien Mallorca
95%
Frankreich Korsika
94%
Griechenland Kreta
92%
Zypern, Türkische Republik Nordzypern, Souveräne Militärbasen Akrotiri und Dekelia Zypern
92%
Spanien Ibiza
88%
Spanien Menorca
83%
Griechenland Rhodos
79%
Griechenland Lesbos
63%
Kroatien Krk
61%
Griechenland Korfu
51%
Tunesien Djerba
38%
Griechenland Samos
32%
Griechenland Naxos
27%
Griechenland Euböa
24%
Griechenland Zakynthos
18%
Kroatien Cres
13%
Griechenland Kefalonia
13%
Kroatien Brač
11%
Griechenland Chios
11%
Griechenland Limnos
8%
Griechenland Andros
6%
Griechenland Lefkada
5%
Griechenland Thasos
5%
Keine übereinstimmenden Quizze gefunden
Verteilung der Resultate
Anzahl Personen mit jedem Resultat
Perzentil nach korrekt beantworteten Fragen
Ihre Resultats-Entwicklung
Sie haben dieses Quiz noch nicht gespielt